| 000 | 01006nam a2200289 i 4500 | ||
|---|---|---|---|
| 001 | bg | ||
| 003 | KOSZ 005 | ||
| 005 | 20220112122010.0 | ||
| 008 | 970513s1991 pl a f f |000 0 pol | ||
| 015 | _aPB 1992/1326 | ||
| 035 | _a(OCoLC)830057053 | ||
| 040 |
_aWA N _cKOSZ 005/HR _dKOSZ 005/HR |
||
| 080 | _a62-1/-8 | ||
| 080 | _a(075.8) | ||
| 100 | 1 |
_aDwiliński, Lech _d(1939- ) _eAutor |
|
| 245 | 1 | 0 |
_aWstęp do teorii eksploatacji obiektu technicznego / _cLech Dwiliński. |
| 260 |
_aWarszawa : _bWydawnictwa Politechniki Warszawskiej, _c1991. |
||
| 300 |
_a150 s. : _brys., wykr. ; _c24 cm. |
||
| 380 | _aKsiążki. | ||
| 504 | _aBibliogr. s. 146-150. | ||
| 650 | 4 |
_aMaszyny _xobsługa i eksploatacja. |
|
| 658 | _aInżynieria i technika | ||
| 655 | 4 | _aPodręczniki akademickie | |
| 710 | 2 |
_aWydawnictwa Politechniki Warszawskiej _4pbl. |
|
| 856 |
_uhttp://koha.tu.koszalin.pl/cgi-bin/koha/opac-detail.pl?biblionumber=5386 _yKatalog online BPK |
||
| 942 |
_2UKD _cKS |
||
| 999 |
_c5386 _d5386 |
||